Sports Quiz

Random Sports or Soccer Quiz

Premier League Fives Quiz Stats

 Plays Quiz Updated Feb 21, 2018

Challenge
Share
Tweet
Embed
Score 0/50 Timer 07:00
68 Plays Today
Hint Answer % Correct
Last 5 ChampionsChelsea
98.7%
Last 5 ChampionsChelsea
98.6%
Last 5 ChampionsManchester City
98.5%
Last 5 ChampionsManchester City
98.1%
Last 5 ChampionsLeicester City
97.1%
Last 5 Golden Boot WinnersHarry Kane (Tottenham Hotspur)
89.8%
5 Stadiums with >53,000 Capacity (Figs. Approx.)Old Trafford
85.6%
5 Players with Over 170 All-Time Premier League GoalsWayne Rooney
83.4%
5 Managers with at Least 8 'Manager of the Month' AwardsAlex Ferguson
81.9%
5 Stadiums with >53,000 Capacity (Figs. Approx.)Emirates Stadium
79.4%
5 Players with Over 170 All-Time Premier League GoalsAlan Shearer
78.8%
Last 5 Golden Glove WinnersDavid de Gea (Manchester United)
78%
Last 5 Golden Boot WinnersSergio Agüero (Manchester City)
77.4%
5 Managers with at Least 8 'Manager of the Month' AwardsArsène Wenger
76.3%
Last 5 Teams to Finish BottomSunderland
76.3%
5 Players with 7 or More Premier League Winners' MedalsRyan Giggs
76%
Last 5 Golden Glove WinnersPetr Čech (Arsenal)
73%
5 Players Sent Off 7 or More TimesDuncan Ferguson
71.3%
5 Players with 7 or More Premier League Winners' MedalsPaul Scholes
71.2%
Last 5 Golden Glove WinnersThibaut Courtois (Chelsea)
70.2%
Last 5 Golden Boot WinnersHarry Kane (Tottenham Hotspur)
69.8%
5 Stadiums with >53,000 Capacity (Figs. Approx.)Anfield Stadium
66%
5 Players with Over 170 All-Time Premier League GoalsThierry Henry
64.2%
5 Stadiums with >53,000 Capacity (Figs. Approx.)City of Manchester Stadium
64.1%
Last 5 Golden Glove WinnersJoe Hart (Manchester City)
64%
Hint Answer % Correct
Last 5 Golden Boot WinnersMohamed Salah (Liverpool)
63.6%
5 Players with Over 170 All-Time Premier League GoalsAndy Cole
57.9%
5 Players with Over 170 All-Time Premier League GoalsFrank Lampard
57.8%
Last 5 Teams to Finish BottomAston Villa
57.8%
Last 5 Teams to Finish BottomWest Bromwich Albion
57.8%
Last 5 Teams Promoted by Winning Championship play-offHuddersfield Town
56.4%
5 Players with 7 or More Premier League Winners' MedalsGary Neville
56.1%
Last 5 Teams Promoted by Winning Championship play-offQueens Park Rangers
54.9%
5 Players Sent Off 7 or More TimesRoy Keane
52.3%
5 Players with 7 or More Premier League Winners' MedalsRoy Keane
52.3%
Last 5 Golden Boot WinnersLuis Suárez (Liverpool)
52.3%
Last 5 Teams to Finish BottomQueens Park Rangers
52.2%
Last 5 Teams Promoted by Winning Championship play-offNorwich City
51.8%
Last 5 Teams Promoted by Winning Championship play-offHull
51.1%
5 Stadiums with >53,000 Capacity (Figs. Approx.)London Stadium
43%
Last 5 Teams to Finish BottomCardiff City
38.1%
5 Managers with at Least 8 'Manager of the Month' AwardsDavid Moyes
33.4%
Last 5 Teams Promoted by Winning Championship play-offFulham
31.3%
5 Managers with at Least 8 'Manager of the Month' AwardsHarry Redknapp
25.8%
5 Players Sent Off 7 or More TimesPatrick Vieira
23.8%
5 Players Sent Off 7 or More TimesRichard Dunne
20.9%
5 Players Sent Off 7 or More TimesLee Cattermole
18.8%
5 Players with 7 or More Premier League Winners' MedalsDenis Irwin
15.4%
Last 5 Golden Glove WinnersWojciech Szczęsny (Arsenal)
11.9%
5 Managers with at Least 8 'Manager of the Month' AwardsMartin O'Neill
6.7%

You're not logged in!

Compare scores with friends on all Sporcle quizzes.
OR
Log In

You Might Also Like...

Show Comments

Extras

Top Quizzes Today


Score Distribution

Your Account Isn't Verified!

In order to create a playlist on Sporcle, you need to verify the email address you used during registration. Go to your Sporcle Settings to finish the process.

Report this User

Report this user for behavior that violates our Community Guidelines.

Details: